| 000 | 00479nam a2200169 a 4500 | ||
|---|---|---|---|
| 001 | 17906 | ||
| 005 | 20180713211115.0 | ||
| 008 | 140415s1989 000 0 spa d | ||
| 041 | _aspa | ||
| 082 |
_a306.6083 _bJUV |
||
| 100 | 1 | _aJUVENTUD PARA LA CIVILIZACION DEL AMOR | |
| 245 | 1 | 3 | _aEL JOVEN, EL GRUPO Y LA PASTORAL JUVENIL |
| 250 | _a2a ed. | ||
| 260 |
_a[s.l.] : _bCASA DE LA JUVENTUD, _c1989 |
||
| 300 | _a91 | ||
| 650 | 1 | 4 |
_aSOCIOLOGIA CRISTIANA _xJOVENES |
| 999 |
_c17906 _d17906 |
||